15 principales países con muertes de Covid-19 - 8 de diciembre 2021 - Estadísticas

Estadísticas generales
  • Esta prueba ha sido intentada 6 veces
  • La puntuación promedio es 12 de 27
Estadísticas de respuestas
país % Correcto
Estados Unidos
100%
Alemania
83%
Argentina
83%
Brasil
83%
Colombia
83%
India
83%
Italia
83%
México
83%
Reino Unido
83%
Rusia
83%
Francia
67%
Indonesia
67%
Perú
67%
Croacia
33%
Hungría
33%
Irán
33%
Sudáfrica
33%
Chequia
17%
Eslovaquia
17%
Eslovenia
17%
Armenia
0%
Bosnia y Herzegovina
0%
Bulgaria
0%
Georgia
0%
Lituania
0%
Macedonia del Norte
0%
Rumania
0%
No se encontraron pruebas coincidentes
Distribución de puntuación
Porcentaje de gente con cada puntuación
Porcentaje por número respondido
Historial de tus puntuaciones
No has intentado esta prueba.